Ancient Cities of Anatolia and the Caucasus (Map Quiz) - Statistics

General Stats
  • This quiz has been taken 128 times
  • The average score is 13 of 41
Answers on the Map
Answers color-coded by a green-red scale on the quiz's map according to % correct below.
 
Answer Stats
Answer % Correct
Chalcedon (Istanbul)
76%
Ancyra (Ankara)
73%
Tushpa (Van)
67%
Smyrna (İzmir)
65%
Trapezous (Trebizond / Trabzon)
63%
Nakhchivan Tepe (Nakhchivan)
54%
Amisos (Samsun)
52%
Halicarnassus (Bodrum)
49%
Nicaea (İznik)
49%
Sinope (Sinop)
47%
Tarsus (Tarsa)
45%
Ephesus
42%
Nicomedia (İzmit)
41%
Pergamon
41%
Karin / Theodosiopolis (Erzurum)
39%
Malidiya / Melitene (Malatya)
34%
Miletus
34%
Derbent
33%
Kutaisi
33%
Hattusa
32%
Vardgesavan (Vagharshapat)
32%
Amaseia (Amasya)
28%
Gordion (Gordium)
26%
Sardis (Sart)
26%
Çatalhöyük
25%
Mtskheta
25%
Armavir (Armaouira)
23%
Amastris (Amasra)
20%
Termessos
20%
Phocaea (Foça)
18%
Tsikhegoji / Archaeopolis (Nokalakevi)
15%
Erebuni
14%
Tuwanuwa (Tyana)
14%
Assos (Behramkale)
13%
Gordus
13%
Anazarbus (Anavarza)
12%
Dascylium
11%
Gabala
10%
Nesha (Kültepe)
9%
Azatiwataya (Karatepe)
8%
Partaw (Barda)
4%
No matching quizzes found
Score Distribution
Percent of People with Each Score
Percentile by Number Answered
Your Score History
You have not taken this quiz